Every 100,000+ City in Taiwan in Order - Statistics

General Stats
  • This quiz has been taken 38 times
    10 since last reset
  • The average score is 13 of 24
Answer Stats
Letter Population City % Correct
N-T 4,012,762 New Taipei
100%
T 2,880,730 Taichung
100%
T 9,525,092 Taipei
100%
K 2,805,307 Kaohsiung
83%
T 1,902,335 Tainan
83%
C 324,073 Changhua
67%
C 410,486 Chiayi
67%
H 718,491 Hsinchu
67%
K 391,078 Keelung
67%
T 2,411,006 Taoyuan
67%
H 181,156 Hualien
50%
M 131,270 Miaoli
50%
T 105,521 Taitung
50%
Y 101,615 Yilan
50%
N 196,090 Nantou
33%
P 211,663 Pingtung
33%
T 245,770 Toufen
33%
Y 133,580 Yuanlin
33%
Z 224,790 Zhubei
33%
Z 104,285 Zhudong
33%
C 102,407 Caotun
17%
D 113,450 Douliu
17%
H 102,995 Hemei
17%
H 142,530 Hukou
17%
No matching quizzes found
Score Distribution
Percent of People with Each Score
Percentile by Number Answered
Your Score History
You have not taken this quiz since the last reset